Dream (Hannah Montana) - lyrics - Statistics

General Stats
  • This quiz has been taken 14 times
  • The average score is 190 of 274
Answer Stats
Answer % Correct
be
100%
dream
100%
I
100%
you
100%
a
90%
about
90%
Do
90%
me
90%
So
90%
tell
90%
Tell
90%
the
90%
The
90%
think
90%
to
90%
And
80%
and
80%
ever
80%
Go
80%
it
80%
like
80%
mind
80%
my
80%
out
80%
that
80%
That
80%
what
80%
When
80%
believe
70%
clouds
70%
head
70%
in
70%
It's
70%
it's
70%
just
70%
know
70%
loud
70%
more
70%
on
70%
picture
70%
want
70%
Yeah
70%
yeah
70%
your
70%
Your
70%
Choose
60%
colors
60%
Every
60%
of
60%
Oh
60%
oh
60%
Paint
60%
put
60%
sky
60%
this
60%
time
60%
You're
60%
are
50%
best
50%
birthday
50%
favour
50%
feel
50%
got
50%
how
50%
nothing's
50%
reach
50%
touch
50%
up
50%
Especially
40%
for
40%
gonna
40%
Imagine
40%
it'd
40%
means
40%
mine
40%
show
40%
thinking
40%
thoughts
40%
will
40%
Woah
40%
at
30%
extra
30%
giving
30%
good
30%
happy
30%
limb
30%
look
30%
moment
30%
much
30%
much?
30%
Much
30%
too
30%
try
30%
visions
30%
wise
30%
pick
20%
pull
20%
They
20%
thing
20%
breathe
10%
coldest
10%
eyes?
10%
nights
10%
there's
10%
these
10%
through
10%
steer
0%
towards
0%
No matching quizzes found
Score Distribution
Percent of People with Each Score
Percentile by Number Answered
Your Score History
You have not taken this quiz